[Event "BSG Pinkster GpA"]
[Site "Bossum NED"]
[Date "2010.05.21"]
[Round "1"]
[White "Tromp,Pau"]
[Black "Miezis,N"]
[Result "0-1"]
[WhiteElo "2115"]
[BlackElo "2518"]

1.e4 c5 2.Nf3 e6 3.d4 cxd4 4.Nxd4 a6 5.Nc3 Qc7 6.Be3 Bb4 7.Qd2 Nf6 8.f3 d5
9.Bg5 e5 10.Bxf6 gxf6 11.exd5 exd4  0-1

[Event "2nd SCS Open"]
[Site "Bhubaneswar IND"]
[Date "2010.05.22"]
[Round "1"]
[White "Sanket,S"]
[Black "Hossain,Enam"]
[Result "0-1"]
[WhiteElo "1920"]
[BlackElo "2499"]

1.e4 c5 2.Nf3 e6 3.d4 cxd4 4.Nxd4 a6 5.Nc3 Qc7 6.a4 Nf6 7.Bd3 Nc6 8.Nxc6 bxc6
9.O-O d5 10.Re1 Bd6 11.h3 Bh2+ 12.Kh1 Bf4 13.Qf3 Bxc1 14.Raxc1 O-O 15.Rcd1 Bb7
16.e5 Nd7 17.Qh5 g6 18.Qg5 f6 19.exf6 Rxf6 20.f3 Raf8 21.Rd2 e5 22.Qg3 Qb6
23.b3 Qb4 24.Nb1 c5 25.Qg4 Qxg4 26.hxg4 c4 27.bxc4 e4 28.Be2 Ne5 29.f4 Nxc4
30.Bxc4 dxc4 31.f5 gxf5 32.gxf5 Rxf5 33.Kg1 e3 34.Rde2 Rf2 35.Nc3 Bxg2 36.Rxe3 Bc6
37.Rg3+ Kh8 38.Ne4 Rxc2 39.Ng5 h6 40.Ne6 Rg8 41.Rxg8+ Kxg8 42.Nd4 Rg2+ 43.Kf1 Rg6
44.Nxc6 Rxc6  0-1

[Event "2nd SCS Open"]
[Site "Bhubaneswar IND"]
[Date "2010.05.24"]
[Round "5"]
[White "Situru,N"]
[Black "Hossain,Enam"]
[Result "0-1"]
[WhiteElo "2348"]
[BlackElo "2499"]

1.e4 c5 2.Nf3 e6 3.d4 cxd4 4.Nxd4 a6 5.Nc3 Qc7 6.Be2 Nf6 7.O-O Nc6 8.Be3 Bb4
9.Na4 O-O 10.c4 Bd6 11.f4 Nxe4 12.Nxc6 bxc6 13.c5 Be7 14.Bd3 Nf6 15.Bd4 Rd8
16.Rf3 d6 17.Qc2 dxc5 18.Bxf6 Bxf6 19.Bxh7+ Kf8 20.Qxc5+ Qd6 21.Qxd6+ Rxd6
22.Bd3 c5 23.Rc1 Bb7 24.Rh3 Rad8 25.Be2 Rd2 26.Rh8+ Ke7 27.Rxd8 Kxd8 28.Nxc5 Bd5
29.Kf1 Rxb2 30.Rd1 Ke7 31.g3 a5 32.a4 Ra2 33.f5 Be5 34.fxe6 fxe6 35.Rc1 Bb2
36.Rd1 Ba3 37.Na6 Bd6 38.Rd4 Rb2 39.Rg4 Kf6 40.h4 Bb7 41.Bb5 Bg2+ 42.Ke1 Bf3
43.Rg5 Be5 44.Nc5 Bc3+ 45.Kf1 Bg2+ 46.Kg1 Bd4+ 47.Kh2 Bd5+  0-1

[Event "34th Open"]
[Site "Fourmies FRA"]
[Date "2010.05.24"]
[Round "6"]
[White "Strugnell,C"]
[Black "Wirig,A"]
[Result "0-1"]
[WhiteElo "2255"]
[BlackElo "2491"]

1.e4 c5 2.Nc3 e6 3.Nf3 a6 4.d4 cxd4 5.Nxd4 b5 6.Bd3 d6 7.O-O Nf6 8.a4 b4
9.Na2 Qb6 10.Be3 Qb7 11.c3 bxc3 12.Nxc3 Nbd7 13.Nb3 Ne5 14.Bc2 Be7 15.Qe2 Nc6
16.Nd4 Nb4 17.Bb1 e5 18.Nc2 Nxc2 19.Qxc2 Be6 20.Ba2 O-O 21.Bg5 Rab8 22.Bxf6 Bxf6
23.Rfb1 Rfc8 24.Qd3 Qc6 25.Bd5 Qb6 26.a5 Qb4 27.Ra4 Qc5 28.g3 Bd7 29.Raa1 Bb5
30.Qd2 Qb4 31.h4 Bd8 32.Ra3 Bxa5 33.Bxf7+ Kh8 34.Qg5 Rf8 35.Qh5 Bb6 36.Kg2 Qd4
37.Nxb5  0-1

[Event "2nd Limpedea Cup"]
[Site "Baia Sprie ROM"]
[Date "2010.05.25"]
[Round "2"]
[White "Thesing,M"]
[Black "Warakomski,T"]
[Result "0-1"]
[WhiteElo "2425"]
[BlackElo "2499"]

1.e4 c5 2.Nf3 e6 3.Nc3 a6 4.d4 cxd4 5.Nxd4 b5 6.Bd3 Qb6 7.Be3 Bc5 8.Be2 Nc6
9.Nxc6 dxc6 10.Bxc5 Qxc5 11.Qd3 Nf6 12.O-O-O O-O 13.f4 b4 14.Na4 Qa5 15.b3 c5
16.Qc4 Qc7 17.Rhf1 Bb7 18.Qxc5 Rac8 19.Qxc7 Rxc7 20.Bf3 Bxe4 21.Bxe4 Nxe4
22.Rd4 Nc3 23.Nxc3 bxc3 24.Rfd1 g6 25.Rd8 Rc5 26.Rxf8+ Kxf8 27.Rd4 Rf5 28.g4 Ra5
29.a4 h5 30.h3 hxg4 31.hxg4 e5 32.fxe5 Rxe5 33.Kd1 Ke7 34.Rc4 Re3 35.Rc7+ Kf6
36.Rc6+ Kg5 37.Rxa6 f5 38.gxf5 gxf5 39.Ra8 f4 40.Rg8+ Kh4  0-1

[Event "2nd Limpedea Cup"]
[Site "Baia Sprie ROM"]
[Date "2010.05.31"]
[Round "8"]
[White "Manea,Al"]
[Black "Thesing,M"]
[Result "1-0"]
[WhiteElo "2396"]
[BlackElo "2425"]

1.e4 c5 2.Nf3 e6 3.d4 cxd4 4.Nxd4 a6 5.Nc3 Qc7 6.g3 Bb4 7.Bd2 Nf6 8.Bg2 Nc6
9.Nb3 Be7 10.f4 d6 11.a4 O-O 12.O-O Nd7 13.Kh1 Re8 14.g4 b6 15.g5 Bb7 16.Rf3 g6
17.Rh3 Rad8 18.Qg4 h5 19.gxh6 Kh7 20.Rf1 Nf6 21.Qe2 d5 22.f5 exf5 23.exf5 Bc5
24.fxg6+ fxg6 25.Qf3 Rf8 26.Nxc5 bxc5 27.Bg5 Ne5 28.Qf4 d4 29.Bxf6 dxc3 30.bxc3 Bxg2+
31.Kxg2 Qc6+ 32.Kg1 Rd6 33.Qxe5 Re6 34.Qg5 Rexf6 35.Rxf6 Qxf6 36.Qxf6 Rxf6
37.Kg2 Rf4 38.a5 Ra4 39.Kf3 Rxa5 40.Ke4 Rb5 41.Kd5 g5 42.c4 Rb2 43.Rc3 Rb6
44.Kxc5 Rxh6 45.h3 Kg7 46.Rf3 Re6 47.Kd5 Re2 48.c5 Rxc2 49.c6 a5 50.Kd6 a4
51.Rd3 Kf6 52.c7 Kf5 53.Rd5+  1-0

[Event "Mitropa Cup w"]
[Site "Chur SUI"]
[Date "2010.05.31"]
[Round "3"]
[White "Schink,B"]
[Black "Flear,C"]
[Result "1/2-1/2"]
[WhiteElo "2063"]
[BlackElo "2170"]

1.e4 c5 2.Nf3 e6 3.d4 cxd4 4.Nxd4 a6 5.Nc3 Qc7 6.Be2 Nf6 7.O-O Bb4 8.Qd3 Nc6
9.Nxc6 bxc6 10.f4 d5 11.e5 Nd7 12.Na4 O-O 13.c4 Nc5 14.Nxc5 Bxc5+ 15.Kh1 f6
16.cxd5 cxd5 17.exf6 Rxf6 18.Bd2 Qf7 19.g3 Bb7 20.Bf3 e5 21.fxe5 Rxf3 22.Rxf3 d4
23.Kg2 Rf8 24.Rf1 Bd5 25.b3 Qh5 26.e6 Qe5 27.Kg1 Rxf3 28.Rxf3 Qxe6 29.Rf2 g6
30.Re2 Qg4 31.Be1 Qxe2 32.Qxe2 d3+ 33.Qf2 Bxf2+ 34.Kxf2 Be6 35.Ke3 Bf5 36.Kd4 Kf7
37.Kc5 g5 38.a4 Be6 39.b4 Bb3 40.b5 axb5 41.axb5 Ke6 42.b6 Bd5 43.Kd4 Kd6
44.Kxd3 g4 45.Bf2 Kc6 46.Bd4 Bf3 47.Ke3 Bd1 48.Kf4 Be2  1/2-1/2

[Event "Maia Chiburdanidze Cup"]
[Site "Tbilisi GEO"]
[Date "2010.05.31"]
[Round "6"]
[White "Muzychuk,A"]
[Black "Khurtsidze,N"]
[Result "1/2-1/2"]
[WhiteElo "2529"]
[BlackElo "2448"]

1.e4 c5 2.Nf3 e6 3.d4 cxd4 4.Nxd4 a6 5.Nc3 Qc7 6.Be2 Nf6 7.O-O d6 8.a4 Nc6
9.Be3 Be7 10.f4 O-O 11.Kh1 Nxd4 12.Bxd4 e5 13.Be3 exf4 14.Bxf4 Be6 15.Nd5 Bxd5
16.exd5 Nd7 17.Ra3 Bf6 18.Rg3 Be5 19.Bd3 Rae8 20.Qg4 g6 21.Qh4 Bxf4 22.Qxf4 Ne5
23.c3 Qc5 24.b4 Qc7 25.a5 f5 26.Be2 Nd7 27.Bd3 Ne5 28.Be2 Nd7 29.Bd3 Ne5  1/2-1/2

[Event "3rd Mayor's Cup"]
[Site "Mumbai IND"]
[Date "2010.06.02"]
[Round "1"]
[White "Fier,A"]
[Black "Avadhanulu,A"]
[Result "1-0"]
[WhiteElo "2581"]
[BlackElo "1832"]

1.e4 c5 2.Nf3 e6 3.d4 cxd4 4.Nxd4 a6 5.Nc3 Qc7 6.Be2 Nc6 7.O-O b5 8.Nxc6 dxc6
9.Re1 e5 10.a4 Bb7 11.Be3 Rd8 12.Bd3 b4 13.Nb1 Nf6 14.Qe2 a5 15.Nd2 Be7 16.Nc4 Nd7
17.Qg4 O-O 18.Qg3 Kh8 19.f4 f6 20.fxe5 fxe5 21.Kh1 Rf6 22.Rf1 Rg6 23.Qh3 Bf6
24.Rad1 Bc8 25.Qh5 Nc5 26.Bxc5 Bg4 27.Qxg4 Rxg4 28.Bb6 Qc8 29.Bxd8 Rg6 30.Nxe5 Bxe5  1-0

[Event "AES Dominicana"]
[Site "Santo Domingo DOM"]
[Date "2010.06.02"]
[Round "1"]
[White "Beltre,P"]
[Black "Mazara,A"]
[Result "0-1"]
[WhiteElo "1964"]
[BlackElo "2274"]

1.e4 c5 2.Nf3 e6 3.d4 cxd4 4.Nxd4 a6 5.Nc3 Qc7 6.Be3 Nf6 7.f3 Bb4 8.Bd2 O-O
9.Bd3 b5 10.Qe2 d6 11.g4 Bb7 12.g5 Nh5 13.Nb3 e5 14.a3 Nf4 15.Qf2 Bxc3 16.Bxc3 Nc6
17.Bd2 Rae8 18.h4 f5 19.Bxf4 exf4 20.O-O-O Ne5 21.Nd4 Nxd3+ 22.Rxd3 fxe4
23.fxe4 Bxe4 24.Rc3 Qxc3 25.bxc3 Bxh1 26.h5 Bd5 27.h6 f3 28.hxg7 Kxg7 29.Qh4 f2
30.Qh6+ Kg8 31.g6 f1=Q+ 32.Kb2 Re7 33.gxh7+ Kh8 34.Qxd6 Qf7  0-1

[Event "XXIX Open A"]
[Site "Zalakaros HUN"]
[Date "2010.06.03"]
[Round "9"]
[White "Nagy,Kr"]
[Black "Greeff,M"]
[Result "0-1"]
[WhiteElo "1952"]
[BlackElo "2075"]

1.e4 c5 2.Nf3 e6 3.d4 cxd4 4.Nxd4 a6 5.Nc3 Qc7 6.Be3 Bb4 7.Qd2 Nf6 8.f3 d5
9.Bd3 e5 10.Nde2 d4 11.Nxd4 exd4 12.Bxd4 Nc6 13.Bxf6 gxf6 14.a3 Bxc3 15.bxc3 Be6
16.Ke2 O-O-O 17.Rab1 f5 18.Qe3 fxe4 19.Bxe4 Bc4+ 20.Kf2 Rhe8 21.Qh6 Rd6 22.Qe3 Red8
23.Rhe1 Be6 24.Bd3 R8d7 25.g3 h5 26.Qe4 Qa5 27.Kg2 Qxc3 28.Rb6 Bd5 29.Qe3 Qd4
30.Bf5 Be6 31.Bxe6 fxe6 32.Qxd4 Rxd4 33.Rxe6 Rd2+ 34.Kh3 Rxc2 35.Rh6 Rdd2
36.Rxh5 Rxh2+ 37.Kg4 Rxh5 38.Kxh5 Rc3 39.g4 Rxf3 40.Rb2 Ne5 41.Re2 Nxg4 42.Kxg4 Rxa3
43.Rc2+ Kd7 44.Kf5 Rd3 45.Ke4 Rd6 46.Ke3 b5 47.Rc5 Rc6 48.Rd5+ Kc7 49.Rh5 Kb6
50.Kd2 b4 51.Rh8 a5 52.Ra8 Kb5 53.Rb8+ Ka4 54.Rh8 b3 55.Rh4+ Ka3 56.Rh3 Ka2
57.Rh4 b2 58.Ra4+ Kb3 59.Rxa5 Rb6  0-1

[Event "9th TCh-BIH Premier"]
[Site "Bihac BIH"]
[Date "2010.06.06"]
[Round "2"]
[White "Elez,S"]
[Black "Saric,Ib"]
[Result "0-1"]
[WhiteElo "2112"]
[BlackElo "2558"]

1.e4 c5 2.Nc3 e6 3.Nf3 a6 4.d4 cxd4 5.Nxd4 d6 6.Bd3 Nf6 7.O-O b5 8.Re1 Be7
9.Qf3 Bb7 10.Qg3 O-O 11.Bh6 Ne8 12.Nf3 Nd7 13.Rad1 Kh8 14.Be3 b4 15.Nb1 Nef6
16.Nbd2 Qc7 17.Qh3 e5 18.Bg5 Nc5 19.Bxf6 Bxf6 20.Nc4 Na4 21.Nfd2 Bc8 22.Qf3 Be6
23.b3 Nc3 24.Ra1 Bg5 25.Nf1 g6 26.Qg3 Bf4 27.Qh4 Kg7 28.f3 a5 29.Qf2 Rfb8
30.a4 Bg5 31.Nfe3 Be7 32.Kh1 Qc5 33.Nd1 Qxf2 34.Nxf2 f6 35.Nd1 d5 36.Nce3 dxe4
37.fxe4 Nxd1 38.Raxd1 Bc5 39.Nc4 Bd4 40.Rf1 Rf8 41.h3 h5 42.Kh2 h4 43.Rf3 f5
44.Rff1 f4 45.Nd2 Kf6 46.Nf3 g5 47.Rde1 Rfd8 48.Kh1 g4 49.hxg4 Bxg4 50.Nxd4 Rxd4
51.Kh2 Be6 52.Rf3 Re8 53.Rb1 Rg8 54.Re1 Ke7 55.Rf2 Bxb3 56.cxb3 Rxd3  0-1

[Event "Aberto do Brasil"]
[Site "Fortaleza BRA"]
[Date "2010.06.06"]
[Round "7"]
[White "Monteiro Neto,C"]
[Black "Luz,Diego Lima"]
[Result "1-0"]
[WhiteElo "2080"]
[BlackElo "1920"]

1.e4 c5 2.Nf3 e6 3.d4 cxd4 4.Nxd4 a6 5.Nc3 Qc7 6.g3 b5 7.Bg2 Bb7 8.O-O Nf6
9.a3 d6 10.f4 Nbd7 11.Qe2 Rb8 12.Re1 Be7 13.Nb3 O-O 14.Be3 Qc4 15.Qd1 Qc7
16.h3 Rfd8 17.Qe2 Ba8 18.Qf2 Nb6 19.Kh2 Nc4 20.Bc1 Rbc8 21.Re2 Rd7 22.Nd2 Qb8
23.Nf1 Bd8 24.Qe1 Ba5 25.g4 Qc7 26.g5 Ne8 27.b4 Bb6 28.Nd1 d5 29.e5 g6 30.Ng3 Ng7
31.Nf2 Bxf2 32.Qxf2 Qb6 33.Qe1 Qd4 34.Ra2 Rdc7 35.Rf2 Qb6 36.Bf1 Qc6 37.Bd3 Qd7
38.h4 Nb6 39.h5 gxh5 40.Qd1 d4 41.Qe2 h4 42.Ne4 Bxe4 43.Bxe4 Nd5 44.Bd2 Nc3
45.Bxc3 Rxc3 46.Bd3 Rxd3 47.cxd3 Rc3 48.Qe4 Nf5 49.Rfc2 Qd5 50.Qxd5 exd5
51.Rd2 Kg7 52.a4 Rb3 53.axb5 axb5 54.Ra7 Kg6 55.Kh3 Rxb4 56.Kg4 Ne3+ 57.Kxh4 Rb1
58.Ra6+ Kg7 59.Rda2 Rg1 60.Rf6 Ng4 61.Rb6 h5 62.Ra7 Ne3 63.Rf6 Rh1+ 64.Kg3 h4+
65.Kf3 Rh3+ 66.Ke2 Rh2+ 67.Ke1 Rh1+ 68.Kd2 Ng4 69.Raxf7+ Kg8 70.Rf8+ Kg7
71.R6f7+ Kg6 72.e6 Rh2+ 73.Kc1 Re2 74.Rg8+ Kh5 75.Rh7+ Nh6 76.gxh6 h3 77.Rg5+ Kh4
78.Rg1 h2 79.Rh1 Kh3 80.Rg7 Rxe6 81.h7  1-0

[Event "3rd Mayor's Cup"]
[Site "Mumbai IND"]
[Date "2010.06.08"]
[Round "9"]
[White "Ismagambetov,An"]
[Black "Prathamesh,S"]
[Result "1-0"]
[WhiteElo "2524"]
[BlackElo "2411"]

1.e4 c5 2.Nf3 e6 3.d4 cxd4 4.Nxd4 a6 5.Nc3 Qc7 6.g3 Bb4 7.Ne2 Nf6 8.Bf4 e5
9.Bd2 d6 10.Bg2 Be6 11.O-O Bc5 12.h3 h5 13.Bg5 Nbd7 14.Qd2 Rc8 15.Rad1 b5
16.a3 Nb6 17.Bxf6 gxf6 18.Qc1 Nc4 19.Nd5 Bxd5 20.Rxd5 Qa7 21.Rd3 Kf8 22.b4 Bb6
23.Nc3 Kg7 24.Nd5 a5 25.h4 axb4 26.axb4 Ra8 27.Nxf6 Rh6 28.Nd5 Rg6 29.Bh3 Bd8
30.Bf5 Rh6 31.Kg2 Qb7 32.g4 Rh8 33.gxh5 Kf8 34.h6 Bxh4 35.h7 f6 36.Qh6+ Qg7+
37.Qxg7+ Kxg7 38.Rh1 Bg5 39.Nc7  1-0

[Event "TCh-CHN"]
[Site "Shenzhan CHN"]
[Date "2010.06.08"]
[Round "5"]
[White "Gao Rui"]
[Black "Yu Yangyi"]
[Result "1/2-1/2"]
[WhiteElo "2464"]
[BlackElo "2574"]

1.e4 c5 2.Nf3 e6 3.d4 cxd4 4.Nxd4 a6 5.Nc3 Qc7 6.Bd3 Nf6 7.f4 d6 8.O-O g6
9.e5 Nfd7 10.Ne4 d5 11.Ng5 Nc5 12.c3 h6 13.Ngf3 Nxd3 14.Qxd3 Bg7 15.Be3 O-O
16.Qd2 Nd7 17.Qf2 b6 18.Qh4 Qd8 19.Qh3 Nc5 20.Bf2 Ne4 21.Bh4 Qe8 22.Rad1 f5
23.Nd2 Ra7 24.Nxe4 fxe4 25.Qg4 Raf7 26.Bg3 Kh7 27.h4 h5 28.Qe2 Bh6 29.Qe3 a5
30.Rf2 Ba6 31.Bh2 Qe7 32.Bg3 Bd3 33.a3 Bc4 34.Re1 Re8 35.Rd2 Qc7 36.Rf2 Qc5
37.Bh2 Qe7 38.Bg3 Bf8 39.Rd2 a4 40.Rf2 Qd8 41.Rd2 Qe7 42.Rf2 Bh6 43.Rd1 Kg8
44.Re1 Rc8 45.Kh2 Rcf8 46.Kg1 Rg7 47.Nc6 Qc7 48.Nd4 Qe7 49.Nc6 Qc5 50.Nd4 Kf7
51.Bh2 Ke7 52.Qh3 Rf5 53.Nxf5+ gxf5 54.Qe3 Kd7 55.g3 Qxe3 56.Rxe3 Rg8 57.Kg2 Kc6
58.Bg1 Kb5 59.Kh2 Bd3 60.Rd2 Kc4 61.Re1 Rb8 62.Be3 Bf8 63.Kg2 Bc5 64.Kf2 Rg8
65.Rdd1 Ra8 66.Rd2 Ra5 67.Rc1 Rb5 68.Re1 Kb3 69.Ra1 Kc4 70.Rc1 Be7 71.Bd4 Rb3
72.Be3 Bc5 73.Re1 Rb5 74.Rc1 Ra5 75.Rdd1 Ra8 76.Rd2 Rg8 77.Rg1 d4 78.cxd4 Bxd4
79.Rc1+ Kd5 80.Rdd1 b5 81.Rc7 Rb8 82.Rd7+ Kc5 83.Rc7+ Kd5  1/2-1/2

[Event "Royal Residence Cup"]
[Site "Zhovkva UKR"]
[Date "2010.06.09"]
[Round "2"]
[White "Bernadskij,Vit"]
[Black "Shkuran,D"]
[Result "0-1"]
[WhiteElo "2402"]
[BlackElo "2383"]

1.e4 c5 2.Nf3 e6 3.Nc3 a6 4.d4 cxd4 5.Nxd4 Qc7 6.Be2 Nf6 7.O-O Nc6 8.Kh1 Be7
9.f4 d6 10.Be3 O-O 11.Qe1 Nxd4 12.Bxd4 b5 13.a3 Bb7 14.Qg3 Bc6 15.Rae1 Qb7
16.Bd3 Rfd8 17.Nd1 a5 18.Nf2 Nh5 19.Qg4 g6 20.f5 e5 21.fxg6 hxg6 22.Be3 Kg7
23.Nh3 Nf6 24.Qf3 d5 25.Bg5 Rd6 26.Nf2 Rf8 27.exd5 Nxd5 28.Qg3 Re6 29.Ne4 Nf4
30.Rf2 f6 31.Nc5 Bxc5 32.Bxf4 Bxf2 33.Qxg6+ Kh8 34.Re2 Qg7 35.Qh5+ Kg8 36.Bg6 f5
37.Bxe5 Qxg6  0-1

[Event "3rd Mayor's Cup"]
[Site "Mumbai IND"]
[Date "2010.06.10"]
[Round "11"]
[White "Narayanan,Sr"]
[Black "Vorobiov,E"]
[Result "1/2-1/2"]
[WhiteElo "2393"]
[BlackElo "2612"]

1.e4 c5 2.Nf3 e6 3.d4 cxd4 4.Nxd4 a6 5.Nc3 b5 6.Bd3 Bb7 7.O-O Nc6 8.Nxc6 Bxc6
9.Qe2 Bc5 10.Bd2 Ne7 11.b4 Bxb4 12.Nxb5 Bc5 13.Be3 d6 14.Nd4 Qc7 15.Rab1 O-O
16.Rb3 Ba4 17.Rb2 Rfb8 18.Rfb1 Rxb2 19.Rxb2 Ng6 20.g3 h6 21.Nf3 Bxe3 22.Qxe3 Rb8
23.Qd4 Rxb2 24.Qxb2 a5 25.Qa3 Bd7 26.h4 f6 27.Qb3  1/2-1/2

[Event "9th TCh-BIH Premier"]
[Site "Bihac BIH"]
[Date "2010.06.11"]
[Round "7"]
[White "Abdic,A"]
[Black "Damljanovic,B"]
[Result "0-1"]
[WhiteElo "2177"]
[BlackElo "2539"]

1.e4 c5 2.Nf3 e6 3.Nc3 a6 4.d4 cxd4 5.Nxd4 b5 6.Bd3 Bb7 7.O-O Qb6 8.Nb3 Qc7
9.Be3 Nf6 10.a3 Be7 11.f4 d6 12.Qf3 Nbd7 13.Rae1 h5 14.h3 h4 15.Qf2 Nh5 16.Rd1 Ng3
17.Rfe1 Bf6 18.Bd4 e5 19.Nd5 Bxd5 20.exd5 O-O 21.fxe5 dxe5 22.Bc3 Rfe8 23.Bf5 Nxf5
24.Qxf5 Rac8 25.d6 Qa7+ 26.Kh1 Re6 27.Rd3 Rce8 28.Qe4 Bd8 29.Rd2 Bg5 30.Rdd1 Bf4
31.Re2 Nf6 32.Qf3 g5 33.Qc6 Qd7 34.Qxd7 Nxd7 35.Bb4 Rc8 36.Nc1 Bxc1 37.Rxc1 f6
38.Rd2 Rc6 39.b3 Re8 40.c3 Kf7 41.a4 bxa4 42.bxa4 Ke6 43.a5 Rb8 44.Rcd1 Rb5
45.Kg1 Rc4 46.Rd3 Rb8 47.Kf2 Rg8 48.R1d2 g4 49.hxg4 Rcxg4 50.Kf1 f5 51.Rh3 R8g7
52.Rc2 Rc4 53.Rd2 Nf6 54.Rhd3 Rd7 55.Re3 Ne4 56.Rd1 Ng3+ 57.Ke1 e4 58.Kd2 Rc8
59.Kc2 Nh5 60.Re2 Nf4  0-1

[Event "14th Master Open"]
[Site "Voronezh RUS"]
[Date "2010.06.12"]
[Round "1"]
[White "Tomnikova,L"]
[Black "Lutsko,I"]
[Result "0-1"]
[WhiteElo "2116"]
[BlackElo "2417"]

1.e4 c5 2.Nf3 e6 3.d4 cxd4 4.Nxd4 a6 5.Nc3 Qc7 6.Be2 b5 7.O-O d6 8.Kh1 Bb7
9.a3 Nf6 10.Bd3 Nbd7 11.f4 g6 12.Nb3 Be7 13.Qf3 Rd8 14.Qh3 h5 15.Bd2 Nc5
16.Nxc5 dxc5 17.e5 Ng4 18.Be1 Rd7 19.Bh4 Bxh4 20.Qxh4 c4 21.Be2 Ne3 22.Qf2 Bxg2+
23.Kg1 Bxf1 24.Qxe3 Bxe2 25.Qxe2  0-1

[Event "14th Master Open"]
[Site "Voronezh RUS"]
[Date "2010.06.12"]
[Round "1"]
[White "Matinian,N"]
[Black "Yakovich,Yur"]
[Result "1-0"]
[WhiteElo "2348"]
[BlackElo "2576"]

1.e4 c5 2.Nf3 e6 3.d4 cxd4 4.Nxd4 a6 5.Nc3 b5 6.Be3 Bb7 7.g3 d6 8.f4 Nd7
9.Qf3 Ngf6 10.Bd3 Rc8 11.O-O Be7 12.g4 Rxc3 13.bxc3 Nc5 14.g5 Nfxe4 15.Qh3 O-O
16.f5 e5 17.g6 Nf6 18.gxf7+ Rxf7 19.Ne6 Qc8 20.Bxc5 dxc5 21.Be2 c4 22.Bf3 Bc5+
23.Kh1 e4 24.Bg2 Bb6 25.Rae1 e3 26.Nd4 Ne4 27.Bxe4 Bxe4+ 28.Kg1  1-0

[Event "14th FIDE Open"]
[Site "Voronezh RUS"]
[Date "2010.06.12"]
[Round "1"]
[White "Shugaev,S"]
[Black "Kornilov,P"]
[Result "0-1"]
[WhiteElo "2128"]
[BlackElo "2036"]

1.e4 c5 2.Nf3 e6 3.d4 cxd4 4.Nxd4 a6 5.Nc3 Qc7 6.Be3 Bb4 7.Qd2 Nf6 8.Bd3 d5
9.f3 e5 10.Nde2 d4 11.Nxd4 exd4 12.Bxd4 Nc6 13.Bf2 O-O 14.g3 Ne5 15.Be2 Bh3
16.Rd1 Rad8 17.Qe3 Rc8 18.Qb6 Qxb6 19.Bxb6 Bc5 20.Bxc5 Rxc5 21.g4 h5 22.g5 Nh7
23.f4 Ng6 24.Rd5 Rc7 25.Rd4 Nxf4  0-1

[Event "14th FIDE Open"]
[Site "Voronezh RUS"]
[Date "2010.06.12"]
[Round "1"]
[White "Bujlov,I"]
[Black "Koshelev,V"]
[Result "1-0"]
[WhiteElo "2232"]
[BlackElo "1925"]

1.e4 c5 2.Nf3 e6 3.Nc3 a6 4.d4 cxd4 5.Nxd4 Qc7 6.Bd3 g6 7.O-O Bg7 8.Nb3 Ne7
9.f4 d6 10.a4 O-O 11.Qe1 Nbc6 12.Kh1 Nb4 13.Bd2 Nxd3 14.cxd3 Qb6 15.Ra3 Nc6
16.a5 Qd8 17.Be3 Nb4 18.Qd2 Bd7 19.Bb6 Qe7 20.Raa1 Rac8 21.Rae1 Qh4 22.Nd4 Nc6
23.Nf3 Qh5 24.d4 Nxa5 25.g4 Qxg4 26.Bxa5 b5 27.Bb4 Rc6 28.d5 Rc4 29.Bxd6 Rfc8
30.Ne5 Bxe5 31.fxe5  1-0

[Event "ch-PAR"]
[Site "Asuncion URU"]
[Date "2010.06.13"]
[Round "3"]
[White "Gomez Harika,M"]
[Black "Gutierrez,Sa"]
[Result "1-0"]
[WhiteElo "1605"]
[BlackElo "1810"]

1.e4 c5 2.Nf3 e6 3.d4 cxd4 4.Nxd4 a6 5.Nc3 Nc6 6.a3 Qc7 7.Be3 Nf6 8.Be2 Be7
9.Qd2 O-O 10.O-O b5 11.b4 Bb7 12.Nb3 d6 13.f3 Rac8 14.Nd1 Ne5 15.Rc1 d5 16.exd5 Nxd5
17.Bc5 Rfd8 18.Qe1 Nc4 19.Bxc4 bxc4 20.Bxe7 Nxe7 21.Nc5 a5 22.c3 axb4 23.axb4 Ra8
24.Ne3 Bd5 25.Qe2 Qc6 26.Rfd1 Qb5 27.Rd4 Ra3 28.Qd2 Rda8 29.Nxc4 Ra2 30.Nd6 Qc6
31.Qf4 f6 32.Rdd1 e5 33.Qg4 Qxd6 34.c4 f5 35.Qg3 Rb2 36.cxd5 Raa2 37.Ne6 Rxg2+
38.Qxg2 Rxg2+ 39.Kxg2 Nxd5 40.Rc8+ Kf7 41.Rd8 Ne3+ 42.Kh1 Qxe6 43.R1d7+ Kf6
44.Rd6 e4 45.fxe4 fxe4 46.Rxe6+ Kxe6 47.b5 Nc4 48.Rd4 Nd6 49.b6 Kd7 50.b7  1-0

[Event "Open"]
[Site "Teplice CZE"]
[Date "2010.06.13"]
[Round "2"]
[White "Dgebuadze,A"]
[Black "Braun,Mare"]
[Result "1/2-1/2"]
[WhiteElo "2551"]
[BlackElo "2187"]

1.e4 c5 2.Nf3 e6 3.d4 cxd4 4.Nxd4 a6 5.Nc3 Nc6 6.g3 Qc7 7.Bg2 Nf6 8.O-O Be7
9.a4 O-O 10.b3 Nb4 11.Bb2 d5 12.exd5 Nbxd5 13.Nxd5 Nxd5 14.Bxd5 exd5 15.Re1 Bf6
16.Re3 Bd7 17.Qd3 Rfe8 18.Rae1 Qc5 19.Rxe8+ Rxe8 20.Rxe8+ Bxe8 21.Bc3 Bxd4
22.Qxd4 Qxd4 23.Bxd4 f6 24.a5 Bg6 25.c3 Bc2 26.b4 Bd3 27.f3 Kf7 28.Kf2 Ke6
29.Ke3 Bb5 30.Bc5 g6 31.h4 h5 32.Kf4 Bd3 33.Bf8 Kf7 34.Bh6 Ke6 35.Ke3 Bb5
36.g4 Bc4 37.Bf4 Bb5 38.Bg3 Bc4 39.Bf2 Bb5 40.Kd4 Be2 41.Ke3 Bb5 42.Kf4 Bd3
43.g5 f5 44.Ba7 Bf1 45.Ke3 Bc4 46.Bb8 Bf1 47.Kd4 Bb5 48.Kc5 Bc6 49.Bf4 Bb5
50.Bb8 Bc6 51.f4 Bb5 52.Be5 Bc6 53.Bd4 Bb5 54.Kb6 Bc6 55.Kc7 Bb5 56.Kxb7 Bc4
57.Kc8 Bb5 58.Kd8 Ba4 59.Bc5 Bb5 60.Bd4 Ba4 61.Kc7 Bb5 62.Kb6 Bc4 63.Kc5 Bb5
64.Be5 Bc4 65.Kd4 Bb5 66.Bc7 Bc4 67.b5 Bxb5  1/2-1/2

[Event "Royal Residence Cup"]
[Site "Zhovkva UKR"]
[Date "2010.06.14"]
[Round "7"]
[White "Vetoshko,V"]
[Black "Shkuran,D"]
[Result "1-0"]
[WhiteElo "2206"]
[BlackElo "2383"]

1.e4 c5 2.Nf3 e6 3.d4 cxd4 4.Nxd4 a6 5.Nc3 Qc7 6.Be2 Nf6 7.O-O Nc6 8.Be3 Be7
9.f4 d6 10.Kh1 O-O 11.Qe1 Nxd4 12.Bxd4 b5 13.a3 Bb7 14.Qg3 Rfd8 15.Rae1 Bc6
16.Bd3 Qb7 17.Bxf6 Bxf6 18.e5 Be7 19.Ne4 Bxe4 20.Bxe4 d5 21.Bd3 Bf8 22.f5 exf5
23.Bxf5 Qe7 24.e6 f6 25.h4 g6 26.h5 g5 27.Qd3 Ra7 28.Qd4 Rc7 29.b3 Bg7 30.Qd3 Bf8
31.Qd4 Bg7 32.a4 Rb7 33.axb5 Rxb5 34.Qd3 Bf8 35.Ra1 Qb7 36.Rfe1 Kh8 37.Ra4 Bc5
38.Qf3 Kg7 39.h6+ Kf8 40.Bd3  1-0

[Event "ch-NED"]
[Site "Eindhoven NED"]
[Date "2010.06.15"]
[Round "4"]
[White "Bok,B"]
[Black "Van Wely,L"]
[Result "1/2-1/2"]
[WhiteElo "2430"]
[BlackElo "2653"]

1.e4 c5 2.Nf3 e6 3.d4 cxd4 4.Nxd4 a6 5.Nc3 Qc7 6.Bd3 Nf6 7.O-O Bc5 8.Nb3 Be7
9.f4 d6 10.e5 dxe5 11.fxe5 Qxe5 12.Bf4 Qh5 13.Be2 Qg6 14.Bd3 Qh5 15.Be2 Qg6
16.Bd3 Qh5 17.Be2 Qg6 18.Bd3 Qh5 19.Be2 Qg6 20.Bd3 Qh5 21.Be2 Qg6 22.Bd3 Qh5
23.Be2 Qg6 24.Bd3 Qh5 25.Be2 Qg6 26.Bd3 Qh5 27.Be2 Qg6 28.Bd3 Qh5 29.Be2 Qg6
30.Bd3 Qh5 31.Be2 Qg6 32.Bd3 Qh5 33.Be2 Qg6 34.Bd3 Qh5 35.Be2 Qg6 36.Bd3 Qh5
37.Be2 Qg6  1/2-1/2

[Event "Open"]
[Site "Teplice CZE"]
[Date "2010.06.15"]
[Round "4"]
[White "Volek,R"]
[Black "Mojzis,Jar"]
[Result "1-0"]
[WhiteElo "2033"]
[BlackElo "2205"]

1.e4 c5 2.Nf3 e6 3.d4 cxd4 4.Nxd4 a6 5.Nc3 Qc7 6.g3 b5 7.Bg2 Bb7 8.O-O Nf6
9.a3 d6 10.f4 Nbd7 11.Qe2 Nb6 12.g4 e5 13.fxe5 dxe5 14.Nf5 Qc4 15.Qf3 Na4
16.g5 Nd7 17.Nd5 Bxd5 18.exd5 Bc5+ 19.Kh1 O-O 20.b3 Qc3 21.Ra2 e4 22.Qg4 Ne5
23.Qxe4 Rae8 24.bxa4 Nc4 25.Qd3 Qe5 26.axb5 axb5 27.Bf4 Qe2 28.d6 Qxd3 29.cxd3 Nxa3
30.Ne7+ Kh8 31.Nc6 b4 32.d7 Ra8 33.Nxb4  1-0

[Event "14th FIDE Open"]
[Site "Voronezh RUS"]
[Date "2010.06.15"]
[Round "4"]
[White "Tatekhin,V"]
[Black "Gritsenko,V"]
[Result "1-0"]
[WhiteElo "2045"]
[BlackElo "2223"]

1.e4 c5 2.Nf3 e6 3.d4 cxd4 4.Nxd4 a6 5.Nc3 Qc7 6.Bd3 Nc6 7.Be3 Nf6 8.O-O Ne5
9.h3 Bc5 10.Kh1 d6 11.f4 Ng6 12.Qe1 O-O 13.f5 e5 14.fxg6 exd4 15.Rxf6 dxc3
16.Rxf7 Rxf7 17.gxf7+ Qxf7 18.bxc3 Bxe3 19.Qxe3 Be6  1-0

[Event "14th Master Open"]
[Site "Voronezh RUS"]
[Date "2010.06.15"]
[Round "4"]
[White "Kovalev,Vl"]
[Black "Tunik,G"]
[Result "1/2-1/2"]
[WhiteElo "2334"]
[BlackElo "2484"]

1.e4 c5 2.Nf3 e6 3.Nc3 a6 4.d4 cxd4 5.Nxd4 b5 6.Bd3 Bb7 7.O-O d6 8.f4 Nf6
9.a3 Nbd7 10.Qf3 Rc8 11.Bd2 g6 12.Rae1 Bg7 13.Kh1 O-O 14.Qh3 Nc5 15.Nf3 d5
16.e5 Nfe4 17.Rd1 Nxd3 18.cxd3 Nxd2 19.Rxd2 Qb6 20.Qh4 f6 21.Qf2 Qxf2 22.Rdxf2 fxe5
23.fxe5 Bh6 24.Re2 Rf7 25.Kg1 Bf8 26.d4 Be7 27.Ne1 Rxf1+ 28.Kxf1 a5 29.Rc2 Ba6
30.Ne2 Rc4 31.b3 Rc8 32.Rxc8+ Bxc8 33.Nc2 Bd7 34.b4 a4 35.Nf4 Kf7 36.Nd3 Bg5
37.Ke2  1/2-1/2

[Event "ch-NED"]
[Site "Eindhoven NED"]
[Date "2010.06.18"]
[Round "7"]
[White "Van Kampen,R"]
[Black "Spoelman,W"]
[Result "0-1"]
[WhiteElo "2481"]
[BlackElo "2580"]

1.e4 c5 2.Nf3 e6 3.d4 cxd4 4.Nxd4 a6 5.Nc3 Qc7 6.Bd3 Nf6 7.O-O Bc5 8.Nb3 Be7
9.f4 d6 10.e5 dxe5 11.fxe5 Nfd7 12.Qg4 g6 13.Bh6 Nxe5 14.Qg3 Nbc6 15.Kh1 f5
16.Rae1 Bd6 17.Qh4 Qd8 18.Qh3 Qe7 19.Be4 Bd7 20.Bxc6 bxc6 21.Nd4 Ng4 22.Re2 e5
23.Rfe1 O-O-O 24.Qd3 Kb7 25.Na4 Ka7 26.Be3 c5 27.Qb3 Rb8 28.Qc4 Nxe3 29.Rxe3 cxd4  0-1

[Event "14th FIDE Open"]
[Site "Voronezh RUS"]
[Date "2010.06.18"]
[Round "6"]
[White "Zhukov,Vi1"]
[Black "Kornilov,P"]
[Result "1/2-1/2"]
[WhiteElo "2178"]
[BlackElo "2036"]

1.e4 c5 2.Nf3 e6 3.d4 cxd4 4.Nxd4 a6 5.Nc3 Qc7 6.Bd3 Nf6 7.O-O Nc6 8.Be3 Be7
9.Kh1 h5 10.f4 Ng4 11.Bg1 b5 12.Qe2 Bb7 13.Rae1 Nb4 14.a3 Nxd3 15.cxd3 Kf8
16.e5 g6 17.Ne4 Rc8 18.Qd2 Kg7 19.h3 Nh6 20.Rc1 Qb8 21.b4 Qa8 22.Nc5 Bxc5
23.bxc5 Nf5 24.Nxf5+ gxf5 25.Kh2 Rcg8 26.c6 Bxc6 27.Bc5 Kh6 28.Rg1 Qd8 29.Qe1 Rg6
30.Bf2 Rhg8 31.g4 hxg4 32.Bh4 Qb6 33.Bg5+ Rxg5 34.fxg5+ Kxg5 35.Qd2+ Kg6
36.Qf4 f6 37.Rcf1 Qb8 38.d4  1/2-1/2